El banco : Cómo Goldman Sachs dirige el mundo /
Goldman Sach es una entidad financiera internacional fundada en 1869, opera como banca de inversión y comercial, además de brindar diversos servicios financieros y cuenta con oficinas en diversos países del mundo. Con la crisis económica de 2008 ha sido motivo de diversas críticas por las implicacio...
Guardat en:
| Autor principal: | |
|---|---|
| Format: | Llibre |
| Idioma: | espanyol |
| Publicat: |
Barcelona, España :
Deusto,
2011, c2011
|
| Matèries: | |
| Etiquetes: |
Sense etiquetes, Sigues el primer a etiquetar aquest registre!
|
MARC
| LEADER | 00000nam^a2200000^a^4500 | ||
|---|---|---|---|
| 001 | 000319037 | ||
| 005 | 20250521000000.0 | ||
| 009 | 20260310113431.537 | ||
| 020 | |a 978-84-234-2825-0 | ||
| 037 | |a Acervo ITESO - Biblioteca | ||
| 041 | |a ESP | ||
| 082 | |a 332. 1 |b ROC | ||
| 100 | |a Roche, Marc |e (autor) | ||
| 245 | 1 | 3 | |a El banco : |b Cómo Goldman Sachs dirige el mundo / |c M. Roche ; tr. por Ramón Vilardell. |
| 264 | 4 | |a Barcelona, España : |b Deusto, |c 2011, c2011 | |
| 300 | |a 264 p. | ||
| 336 | |a texto |b txt |2 rdacontenido | ||
| 337 | |a sin mediación |b n |2 rdamedio | ||
| 338 | |a volumen |b nc |2 rdasoporte | ||
| 500 | |a Traducción de: La banque. Comment Goldman Sach dirige le monde | ||
| 520 | |a Goldman Sach es una entidad financiera internacional fundada en 1869, opera como banca de inversión y comercial, además de brindar diversos servicios financieros y cuenta con oficinas en diversos países del mundo. Con la crisis económica de 2008 ha sido motivo de diversas críticas por las implicaciones que ha tenido en la misma. En la presente obra el autor traza un perfil del grupo a través de la cercanía con algunos funcionarios y documenta algunos escándalos financieros que ha protagonizado. | ||
| 649 | |a XX | ||
| 650 | |a Bancos y Operaciones Bancarias - |x Tema Principal | ||
| 650 | |a Especulación (Economía) | ||
| 650 | |a Inversiones | ||
| 650 | |a Administración de Inversiones | ||
| 650 | |a Administración Financiera | ||
| 650 | |a Sistema Financiero | ||
| 650 | |a Finanzas Internacionales | ||
| 650 | |a Economía Internacional | ||
| 910 | |a Fondo General | ||
| 920 | |a Impresos - Libros | ||
| 930 | |a Colección General | ||
| 905 | |a 101 | ||
| 901 | |a 0500206328 |b IT1 |c ACC |i C131104 |u 20250521 | ||
| 901 | |a 0500273602 |b IT1 |c ACC |i C151759 |u 20250521 | ||
| 902 | |a https://opac.biblio.iteso.mx/vufind/Record/000319037 | ||